طلسم ہو شر و با -جلد د و م (Record no. 140716)

MARC details
000 -LEADER
fixed length control field 00693nam a22002177a 4500
005 - DATE AND TIME OF LATEST TRANSACTION
control field 20170602145411.0
008 - FIXED-LENGTH DATA ELEMENTS--GENERAL INFORMATION
fixed length control field 090109t xxu||||| |||| 00| 0urd d
010 ## - LCCN (DPL NO)
LC control number A-412463
020 ## - INTERNATIONAL STANDARD BOOK NUMBER
Terms of availability 100.00
International Standard Book Number -
035 ## - SYSTEM CONTROL NUMBER
System control number A-412463
037 ## - SOURCE OF ACQUISITION
Source of stock number/acquisition DBAD/PUB
040 ## - CATALOGING SOURCE
Original cataloging agency DPL
Language of cataloging Urdu
082 ## - DEWEY DECIMAL CLASSIFICATION NUMBER
Classification number ن
100 ## - MAIN ENTRY--PERSONAL NAME
Personal name طلسم ہو شر و با -جلد د و م
245 ## - TITLE STATEMENT
Title طلسم ہو شر و با -جلد د و م
Statement of responsibility, etc طلسم ہو شر و با -جلد د و م
246 ## - VARYING FORM OF TITLE
Title proper/short title Talsum Hoshruba (Part-2)
Remainder of title By -
260 ## - PUBLICATION, DISTRIBUTION, ETC. (IMPRINT)
Place of publication, distribution, etc دہلی
Name of publisher, distributor, etc Maktaba Jamia Ltd.
Date of publication, distribution, etc 1988
270 ## - ADDRESS
Address Urdu Bazar Jama Masjid
City دھلی
Postal code 110006
Telephone number -
300 ## - PHYSICAL DESCRIPTION
Extent 900ص
Dimensions 22 cm(hb)
942 ## - ADDED ENTRY ELEMENTS (KOHA)
Source of classification or shelving scheme Dewey Decimal Classification
Item type Urdu Bks
Classification part ن
Call number suffix ط ل س
Holdings
Withdrawn status Lost status Source of classification or shelving scheme Damaged status Not for loan Collection code Home library Current library Date acquired Source of acquisition Cost, normal purchase price Total Checkouts Full call number Barcode Date last seen Copy number Cost, replacement price Koha item type
Withdrawn   Dewey Decimal Classification     Fiction Central Library Central Library 02/06/2017 BPPD 100.00   ن ط ل س A-412463 02/06/2017 1 100.00 Urdu Bks

© Delhi Public Library
Hit Counter
free hit counter